00988cam a2200289 a 450000100090000000300040000900500170001300800410003001000170007102000310008802000260011902000240014504000180016904200080018705000250019508200190022010000190023924500830025826000370034130000490037849000190042750000200044661000750046665000510054165000490059265000570064117229361OSt20150408114202.0120328s2012 nyu 001 0 eng  a 2012007035 a9780071788786 (alk. paper) a9780071788793 (CDROM) a9780071788816 (Set) aDLCcDLCdDLC apcc00aTK5105.5b.T725 201200a004.6223bTRC1 aTracy, Robb H.10aCompTIA Network+ certification practice exams (exam N10-005) /cRobb H. Tracy. aNew York :bMcGraw-Hill,cc2012. axx, 473 p. ;c24 cm. +e1 CD-ROM (43/4 in.)0 aPractice exams aIncludes index.20aComputing Technology Industry AssociationxExaminationsvStudy guides. 0aComputer networksxExaminationsvStudy guides. 0aTelecommunications engineersxCertification. 0aElectronic data processing personnelxCertification.